000 00528nam a2200181Ia 4500
001 8990
005 20260306160650.0
008 260306t1983||||xx |||||||||||||| ||spa||
041 _aESP
082 _a372.21
_bM61
110 _aMinisterio de Educación. Dirección General de Educación Inicial y Especial. Dirección de Educación Inicial
245 0 _aFichas de actividades :
_bniños de 1 a 2 años
260 _c1983
300 _a148 páginas :
_c15 cm.
650 _aGEN
654 _aCED
942 _cLIB
_dJUS
_fJUS
_2ddc
_n
999 _c8990
_d8990